Statistiken für Salomonen-Quiz

Klicken Sie hier um das Quiz zu spielen!

Allgemein

  • Dieses Quiz wurde 931 mal gespielt
  • Das Durchschnittsergebnis liegt bei 10 aus 16

Antwortstatistiken

FrageAntwort% Korrekt
AmtsspracheEnglisch
92%
Land, von dem die Salomonen 1978 unabhängig wurdenVereinigtes Königreich
89%
Land, dessen Truppen 1942 in die Salomonen eindringtenJapan
83%
Währung der SalomonenDollar
79%
Land, das den Salomonen am nächsten liegtPapua Neuguinea
75%
Land, das den Salomonen am nächsten liegtVanuatu
73%
Beliebteste SportartRugby League
66%
Ausländer haben davon kein Eigentumsrecht in den SalomonenLand
60%
Hauptstadt der SalomonenHoniara
58%
Ozeanische Inselregion, in der sich die Salomonen befinden{Mela}nesien
53%
Meer im WestenSalomonensee
52%
Diese wurden vor der europäischen Kolonisation als Währung benutztMuscheln
50%
Wichstigster WirtschaftssektorLandwirtschaft
48%
Meer im SüdenKorallenmeer
34%
Größte Insel, Ort einer blutigen Schlacht des 2. WeltkriegsGuadalcanal
25%
Meistgesprochene SprachePijin
17%

Verteilung der Resultate

Perzentil nach korrekt beantworteten Fragen

Anzahl Personen mit jedem Resultat

Ihre Resultats-Entwicklung

Sie haben dieses Quiz noch nicht gespielt